Statistics for Three-Neighbor Nations

Click here to take the quiz!

General Stats

  • This quiz has been taken 36 times
    (35 since last reset)
  • The average score is 26 of 29

Answer Stats

NeighborsCountry% Correct
Laos, Thailand, VietnamCambodia
100%
Argentina, Bolivia, PeruChile
100%
Norway, Russia, SwedenFinland
100%
Finland, Russia, SwedenNorway
100%
Brazil, Colombia, GuyanaVenezuela
97%
Croatia, Montenegro, SerbiaBosnia and Herzegovina
94%
Brazil, Suriname, VenezuelaGuyana
94%
Denmark (by bridge), Finland, NorwaySweden
94%
Democratic Republic of the Congo, Rwanda, TanzaniaBurundi
91%
El Salvador, Guatemala, NicaraguaHonduras
91%
Belize, Guatemala, United StatesMexico
91%
China, Russia, South KoreaNorth Korea
91%
Saudi Arabia, United Arab Emirates, YemenOman
91%
Argentina, Bolivia, BrazilParaguay
91%
Brazil, France, GuyanaSuriname
91%
Eritrea, Ethiopia, SomaliaDjibouti
88%
Israel, Libya, SudanEgypt
88%
East Timor, Malaysia, Papua New GuineaIndonesia
88%
Cambodia, China, LaosVietnam
88%
Burkina Faso, Ivory Coast, TogoGhana
85%
Belgium, France, GermanyLuxembourg
85%
Algeria, Mauritania, SpainMorocco
85%
Belgium, France (Overseas), GermanyNetherlands
85%
Djibouti, Ethiopia, KenyaSomalia
85%
Benin, Burkina Faso, GhanaTogo
82%
Djibouti, Ethiopia, SudanEritrea
79%
Guinea, Ivory Coast, Sierra LeoneLiberia
76%
Mozambique, Tanzania, ZambiaMalawi
71%
Cameroon, Equatorial Guinea, Republic of the CongoGabon
68%

Score Distribution

Percentile by Number Answered

Percent of People with Each Score

Your Score History

You have not taken this quiz since the last reset